Multiplicar y dividir números - Estadísticas

Estadísticas generales
  • Esta prueba ha sido intentada 59 veces
    47 desde el último reinicio
  • La puntuación promedio es 10 de 10
Estadísticas de respuestas
Hint Respuesta % Correcto
4 x 4 16
100%
6 ÷ 2 3
100%
4 x 9 36
100%
20 ÷ 2 10
97%
10 x 10 100
97%
120 ÷ 10 12
97%
9 x 9 81
97%
14 ÷ 7 2
92%
5 x 5 25
92%
10 ÷ 2 5
92%
No se encontraron pruebas coincidentes
Distribución de puntuación
Porcentaje de gente con cada puntuación
Porcentaje por número respondido
Historial de tus puntuaciones
No has intentado esta prueba desde el último reinicio